Movies Quiz

Random Movies or City Quiz

Combo Lock: Movie Settings Quiz Stats

Quiz Updated Oct 19, 2016

Challenge
Share
Tweet
Embed
Score 0/40 Timer 06:00
3 Plays Today
Combo # & film name Main National Setting % Correct
102 - A Passage to IndiaIndia (102-209)
93.6%
209 - Slumdog MillionaireIndia (102-209)
93.6%
115 - RatatouilleFrance (115-201)
91.4%
201 - The Hunchback of Notre DameFrance (115-201)
91.4%
119 - PlatoonVietnam (119-204)
89%
204 - Good Morning, VietnamVietnam (119-204)
89%
116 - Cleopatra Egypt (116-215)
87.7%
215 - The MummyEgypt (116-215)
87.7%
104 - Romeo & JulietItaly (104-212)
85%
212 - Roman HolidayItaly (104-212)
85%
110 - The MexicanMexico (110-206)
80.2%
206 - Y Tu Mama TambienMexico (110-206)
80.2%
112 - Three KingsIraq (112-211)
78.2%
211 - The Hurt LockerIraq (112-211)
78.2%
105 - The Full MontyUK (105-218)
76.6%
218 - SnatchUK (105-218)
76.6%
101 - The Bridge on the River KwaiThailand (101-208)
76.2%
208 - The Hangover part IIThailand (101-208)
76.2%
103 - Lost in TranslationJapan (103-216)
75.3%
216 - The GrudgeJapan (103-216)
75.3%
Combo # & film name Main National Setting % Correct
108 - Doctor ZhivagoRussia (108-207)
75.3%
207 - Fiddler on the RoofRussia (108-207)
75.3%
117 - District 9South Africa (117-219)
72.7%
219 - ZuluSouth Africa (117-219)
72.7%
109 - The DepartedUSA (109-210)
72.5%
210 - Midnight CowboyUSA (109-210)
72.5%
114 - City of GodBrazil (114-220)
72.4%
220 - RioBrazil (114-220)
72.4%
120 - EvitaArgentina (120-205)
71.6%
205 - The Motorcycle DiariesArgentina (120-205)
71.6%
107 - The Love GuruCanada (107-202)
66.2%
202 - Scott Pilgrim vs The World Canada (107-202)
66.2%
106 - The Quiet ManIreland (106-214)
65.4%
214 - My Left FootIreland (106-214)
65.4%
111 - Grand HotelGermany (111-217)
62.2%
217 - CabaretGermany (111-217)
62.2%
113 - Sexy BeastSpain (113-203)
61.3%
203 - Vicky Cristina BarcelonaSpain (113-203)
61.3%
118 - ChopperAustralia (118-213)
60.8%
213 - Finding NemoAustralia (118-213)
60.8%

You're not logged in!

Compare scores with friends on all Sporcle quizzes.
Sign Up with Email
OR
Log In

You Might Also Like...

Show Comments

Extras

Top Quizzes Today


Score Distribution

Your Account Isn't Verified!

In order to create a playlist on Sporcle, you need to verify the email address you used during registration. Go to your Sporcle Settings to finish the process.

Report this User

Report this user for behavior that violates our Community Guidelines.

Details: